Normal view
MARC view
- Supervisor Dr. Muhamad Mubasher Saleem
Entry Personal Name
001 - CONTROL NUMBER
- control field: 70139
003 - CONTROL NUMBER IDENTIFIER
- control field: NUST
005 - DATE AND TIME OF LATEST TRANSACTION
- control field: 20210628204400.0
008 - FIXED-LENGTH DATA ELEMENTS
- fixed length control field: 210628|| aca||aabn | a|a d
040 ## - CATALOGING SOURCE
- Original cataloging agency: NUST
- Transcribing agency: NUST
100 ## - HEADING--PERSONAL NAME
- Personal name: Supervisor Dr. Muhamad Mubasher Saleem
670 ## - SOURCE DATA FOUND
- Source citation: Work cat.: (NUST): Umar Farooq 15376, TH-SOF-1275-Design of a Multi-axis Electro-thermal Micromirror for Optical Coherence Tomography, 2016
